000
00281nam a22001097a 4500
082
_a
606 FOO'Q
100
_a
QASAM, SUBHI
_9
68035
245
_a
FOOD AND AGRICULTURE PROFILE OF THE MUSLIM WORLD
260
_a
ISLAMABAD
_b
ORGANIZATION OF ISLAMIC
_c
1991
300
_a
437P
942
_c
BK
999
_c
575698
_d
575698